| 000 | 00891nam a2200253Ia 4500 | ||
|---|---|---|---|
| 003 | OSt | ||
| 005 | 20220927110335.0 | ||
| 006 | a|||||r|||| 00| 0 | ||
| 007 | ta | ||
| 008 | 220926b |||||||| |||| 00| 0 eng d | ||
| 024 | _a64604 | ||
| 037 | _cReports | ||
| 040 |
_aRTL _cRTL _beng |
||
| 041 |
_2eng _aeng |
||
| 082 | _a"X4288:95.2.N55t, J6/GD" | ||
| 110 |
_a"India, Government Of .... Dock Workers, Regulation Of Employment (Enquiry committee on-) (1955) (Chairman: S S Vasist)" _9376235 |
||
| 245 | 0 |
_aReprot of the Dock Workers _b Regulation of Employme |
|
| 260 | _c1956 | ||
| 300 |
_a371p _ccm. |
||
| 650 | _aPort | ||
| 700 |
_a"India, Government Of .... Dock Workers, Regulation Of Employment (Enquiry committee on-) (1955) (Chairman: S S Vasist)" _9376236 |
||
| 942 |
_h"X4288:95.2.N55t, J6/GD" _cCC |
||
| 999 |
_c695587 _d695587 |
||